书目信息 |
| 题名: |
日本语能力测试语法解析
|
|
| 作者: | 韩小龙 , 匡伶 编著 | |
| 分册: | 1级 | |
| 出版信息: | 天津 天津大学出版社 2007.09 |
|
| 页数: | 404页 | |
| 开本: | 21cm | |
| 丛书名: | ||
| 单 册: | ||
| 中图分类: | H364 | |
| 科图分类: | ||
| 主题词: | 日语--ri yu--语法--自学参考资料 | |
| 电子资源: | ||
| ISBN: | 978-7-5618-2535-8 | |
| 000 | 00865nam0 2200241 450 | |
| 001 | 012008108478 | |
| 005 | 20080222083144.48 | |
| 010 | @a978-7-5618-2535-8@dCNY17.90 | |
| 100 | @a20080220d2007 em y0chiy0120 ea | |
| 101 | 0 | @achi@ajpn |
| 102 | @aCN@b120000 | |
| 105 | @ay z 000yy | |
| 106 | @ar | |
| 200 | 1 | @a日本语能力测试语法解析@Ari ben yu neng li ce shi yu fa jie xi@i1级@f韩小龙, 匡伶编著@Fhan xiao long,kuang ling bian zhu |
| 210 | @a天津@c天津大学出版社@d2007.09 | |
| 215 | @a404页@d21cm | |
| 330 | @a本书的范围基本按照日本国际交流基金、日本国际教育协会编著的《日本语能力测试出现基准》一书,解析了在历年1级能力考试中出现过的真题。 | |
| 606 | 0 | @a日语@Ari yu@x语法@j自学参考资料 |
| 690 | @aH364@v4 | |
| 701 | 0 | @a韩小龙@Ahan xiao long@4编著 |
| 701 | 0 | @a匡伶@Akuang ling@4编著 |
| 801 | 0 | @aCN@bQSSK@c20080222 |
| 905 | @b281743-45@dH364@eH103@f3 | |
| 日本语能力测试语法解析.1级/韩小龙, 匡伶编著.-天津:天津大学出版社,2007.09 |
| 404页;21cm |
| ISBN 978-7-5618-2535-8:CNY17.90 |
| 本书的范围基本按照日本国际交流基金、日本国际教育协会编著的《日本语能力测试出现基准》一书,解析了在历年1级能力考试中出现过的真题。 |
| ● |
| 相关链接 |
|
|
|
正题名:日本语能力测试语法解析
索取号:H364/H103
 
预约/预借
| 序号 | 登录号 | 条形码 | 馆藏地/架位号 | 状态 | 备注 |
| 1 | 281743 | 202817434 | 语言库209/209语言库 128排2列2层/ [索取号:H364/H103] | 在馆 | |
| 2 | 281744 | 202817443 | 语言库209/209语言库 128排2列2层/ [索取号:H364/H103] | 在馆 | |
| 3 | 281745 | 202817452 | 语言库209/209语言库 128排2列2层/ [索取号:H364/H103] | 在馆 |